Kuglerart szalon és galéria szakmai gyakorlat tapasztalatai

Bibliográfiai részletek
Szerző: Csányi Dorottya
További közreműködők: Surányi Dr. András
Dokumentumtípus: Záródolgozat
Kulcsszavak:Kuglerart
Képzőművészet
Cigányság
Szakmai gyakorlat
Online Access:http://dolgozattar.uni-bge.hu/15480

MARC

LEADER 00000nta a2200000 i 4500
001 dolg15480
005 20200623173303.0
008 180504suuuu hu o 000 hun d
040 |a BGE Dolgozattár Repozitórium  |b hun 
041 |a hu 
100 1 |a Csányi Dorottya 
245 1 0 |a Kuglerart szalon és galéria szakmai gyakorlat tapasztalatai  |c Csányi Dorottya  |h [elektronikus dokumentum] 
516 |a Final_paper 
695 |a Kuglerart 
695 |a Képzőművészet 
695 |a Cigányság 
695 |a Szakmai gyakorlat 
700 1 |a Surányi Dr. András  |e ths 
856 4 0 |u http://dolgozattar.uni-bge.hu/15480/1/Z%C3%81R%C3%93DOLGOZAT%20Cs%C3%A1nyi%20Dorottya%20C2L5IA.pdf  |z Dokumentum-elérés